000 00353nam a2200157Ia 4500
001 18691
008 140407s9999 xx 000 0 und d
020 _a0-564-05933-1
040 _cPK-LaUMT
082 _a 220
_bBIB
245 _aGood news bible
260 _aCollins:
_bThe Bible Societies,
_c1976
300 _a363 p.
546 _aEN
942 _cBK
999 _c19081
_d19081